| 000 | 00731nam a2200217 i 4500 | ||
|---|---|---|---|
| 001 | 164949 | ||
| 003 | ES-MaACL | ||
| 005 | 20230906213034.0 | ||
| 008 | 050810m18801900gw | |||||||| ||ger d | ||
| 040 |
_aCAM _bspa _cCAM |
||
| 100 | 1 |
_aSchobert, H. _9132562 |
|
| 245 | 1 | 4 |
_aDas Grösste auf Erden _b: eine Geschichte vom Stande / _cvon H. Schobert. |
| 260 |
_aBerlin : _bOtto Janke, _c[s.a.] |
||
| 300 |
_a132 p. ; _c20 cm. |
||
| 490 | 1 | _aCollection Otto Janke | |
| 594 | _aLetra gótica. | ||
| 596 | _aProbablemente impreso en las últimas décadas del siglo XIX. | ||
| 830 | 0 |
_aCollection Otto Janke _9222386 |
|
| 852 |
_aES-MaACL _jD-2500 _q-- Legado M. de la Fuente _z-- Rust. muy deteriorada |
||
| 999 |
_c164949 _d164949 |
||